000 00381nam a22001337a 4500
999 _c4244
_d4244
008 200728b ||||| |||| 00| 0 eng d
110 _91706
_aAnglo French Limited Services
245 1 0 _aSurvey log of on equator
_cby Anglo French Limited Services
260 _aLondon
_bAnglo French Limited Services
_c1950
300 _a150 p.
365 _d9.06
650 0 _aSurvival
942 _cBK